| 000 | 01247nam a22002417a 4500 | ||
|---|---|---|---|
| 005 | 20101221122148.0 | ||
| 008 | 101221t xxu||||| |||| 00| 0 mar d | ||
| 010 | _aMAR-20450 | ||
| 020 | _c140.00 | ||
| 035 | _aMR-13108 | ||
| 037 | _bDBAD /PUB | ||
| 040 |
_aDPL _bMR |
||
| 082 | _a305.5688 | ||
| 100 |
_aआंबेडकर बाबासाहेब _925025 |
||
| 245 |
_aअस्पृश्य मूळचे कोण आणि ते अस्पृश्य कसे बनले / _cबाबासाहेब आंबेडकर : बी सी कांबळे द्वारा अनुवादित |
||
| 246 |
_aAshprishya Mulche Kon Aani Te Ashprishya Kase Banle _bby Babasaheb Ambedkar |
||
| 260 |
_aपुणे _bसुगावा प्रकाशन _c2010 |
||
| 270 |
_a562,सदाशिव पेठ _bपुणे _e411030 |
||
| 300 |
_a144पृ _c21सेमी(अजिल्द) |
||
| 700 |
_aकांबळे,बी सी _925054 |
||
| 942 |
_2ddc _cMR _h305.5688 _mआंबेड |
||
| 999 |
_c49373 _d49373 |
||